000 00909cab a2200337 4500
001 ABS56249
008 090401t1996 xxu||||| |||| 00| 0 eng d
035 _a(Sirsi) u22245
041 _aeng
100 _aKarsian, D.
245 _aArea review: New Jersey
260 _c1996
350 _a0
490 _aNational Real Estate Investor
_v38(11) October 1996, 120-126(4)
650 _aBERGEN
650 _aBURLINGTON
650 _aCASINOS
650 _aHUDSON
650 _aINDUSTRIAL RENTS
650 _aMERCER COUNTY
650 _aMIDDLESEX
650 _aMONMOUTH
650 _aNEW JERSEY
650 _aOFFICE DEVELOPMENT
650 _aPROPERTY-COMMERCIAL PROPERTY-OFFICE PROPERTY-OFFICE PROPERTY MARKET
650 _aUNITED STATES
690 _aPROPERTY-COMMERCIAL PROPERTY-COMMERCIAL PROPERTY MARKET
690 _aOVERSEAS-NORTH AMERICA
942 _n0
948 _c04/03/1997
999 _c14900
_d14900